Bảo tàng Công an nhân dân trong giáo dục truyền thống và bảo tồn di sản văn hóa /

Na minha lista:
Detalhes bibliográficos
Autor principal: Nguyễn Thanh Hoa.
Formato: Artigo
Idioma:Vietnamese
Assuntos:
Tags: Adicionar Tag
Sem tags, seja o primeiro a adicionar uma tag!
Thư viện lưu trữ: Thư viện Trường Đại học Đà Lạt
LEADER 00826nam a2200265 4500
001 DLU180186940
005 ##20180910
040 # # |a DLU  |b vie 
041 # # |a vie 
044 # # |a vn 
100 # # |a Nguyễn Thanh Hoa. 
245 # # |a Bảo tàng Công an nhân dân trong giáo dục truyền thống và bảo tồn di sản văn hóa /  |c Nguyễn Thanh Hoa. 
653 # # |a Bảo tàng 
653 # # |a Công an Nhân dân 
653 # # |a Di sản văn hóa 
653 # # |a Giáo dục truyền thống 
773 # # |t Văn hoá Nghệ thuật  |g Số 399, 2017, tr. 125-126 
920 # # |a Phòng Tạp chí -- Trung tâm Thông tin - Thư viện Trường Đại học Đà Lạt 
900 # # |a True 
911 # # |a Hoàng Thị Huyền 
925 # # |a G 
926 # # |a A 
927 # # |a BB 
980 # # |a Thư viện Trường Đại học Đà Lạt